MAASAI MARA UNIVERSITY

LIBRARY CATALOGUE

Contact Us: +254 020 2685356/7 or 0774 057787

Box: 861-20500, NAROK, KENYA

Email: info@mmarau.ac.ke

Stanek,william R (Record no. 3631)

MARC details
000 -LEADER
fixed length control field 00403nam a2200133Ia 4500
008 - FIXED-LENGTH DATA ELEMENTS--GENERAL INFORMATION
fixed length control field 151015s9999 xx 000 0 und d
020 ## - INTERNATIONAL STANDARD BOOK NUMBER
International Standard Book Number 9.780735623e+012
050 ## - LIBRARY OF CONGRESS CALL NUMBER
Classification number QA 76.76 .O63S73457 2007
245 ## - TITLE STATEMENT
Title Stanek,william R
250 ## - EDITION STATEMENT
Edition statement _Windows Vista Administrator's pocket consultant William R Stanek
500 ## - GENERAL NOTE
General note Includes inde
650 ## - SUBJECT ADDED ENTRY--TOPICAL TERM
Topical term or geographic name as entry element _Windows VIsta
700 ## - ADDED ENTRY--PERSONAL NAME
Personal name ^d20120828 12:16:44^oanne

No items available.

© 2016 Maasai Mara University.